Songs from the First Line(s) - 1960 - Statistics

General Stats
  • This quiz has been taken 59 times
  • The average score is 11 of 30
Answer Stats
Hint Answer % Correct
Songs And they called it puppy love / Oh, I guess they'll never know / How a young heart really feels / And why I love her so Song Puppy Love
91%
Songs You can shake an apple off an apple tree / Shake-a, shake- sugar, / But you'll never shake me / Uh-uh-uh Artist(s) Elvis Presley
85%
Songs It's now or never / Come hold me tight / Kiss me my darling / Be mine tonight / Tomorrow will be too late Artist(s) Elvis Presley
85%
Songs It's now or never / Come hold me tight / Kiss me my darling / Be mine tonight / Tomorrow will be too late Song It's Now Or Never
62%
Songs You can dance / Every dance with the guy / Who gives you the eye / Let him hold you tight / You can smile Song Save the Last Dance for Me
58%
Songs Don't know much about history / Don't know much biology / Don't know much about a science book Song Wonderful World
57%
Songs Don't know much about history / Don't know much biology / Don't know much about a science book Artist(s) Sam Cooke
55%
Songs Bop bop bop bop bopopopopopopop / She was afraid to come out of the locker / She was as nervous as she could be Song Itsy Bitsy Teenie Weenie Yellow Polka Dot Bikini
51%
Songs And they called it puppy love / Oh, I guess they'll never know / How a young heart really feels / And why I love her so Artist(s) Paul Anka
51%
Songs Don't want your love anymore / Don't want your kisses, that's for sure / I die each time / I hear this sound: Artist(s) The Everly Brothers
51%
Songs I'm sorry, so sorry / That I was such a fool / I didn't know / Love could be so cruel / Oh-oh-oh-oh-oh-oh-oh-yes Song I'm Sorry
45%
Songs Don't want your love anymore / Don't want your kisses, that's for sure / I die each time / I hear this sound: Song Cathy's Clown
43%
Songs You can dance / Every dance with the guy / Who gives you the eye / Let him hold you tight / You can smile Artist(s) The Drifters
42%
Songs I'm sorry, so sorry / That I was such a fool / I didn't know / Love could be so cruel / Oh-oh-oh-oh-oh-oh-oh-yes Artist(s) Brenda Lee
38%
Songs (Wanted wanted) / Alone, so alone that I could cry / I want to be wanted (wanted) / Alone, watching lovers passing by Artist(s) Brenda Lee
38%
Songs Bop bop bop bop bopopopopopopop / She was afraid to come out of the locker / She was as nervous as she could be Artist(s) Brian Hyland
28%
Songs You tell me that you love me baby / Then you say you don't / You tell me that you'll come on over Artist(s) Cliff Richard / The Shadows
23%
Songs You can shake an apple off an apple tree / Shake-a, shake- sugar, / But you'll never shake me / Uh-uh-uh Song Stuck On You
23%
Songs You tell me that you love me baby / Then you say you don't / You tell me that you'll come on over Song Please Don't Tease
19%
Songs When I became of age, my mother called me to her side. / She said, "Son, you're growing up now. Song Shop Around
19%
Songs When I became of age, my mother called me to her side. / She said, "Son, you're growing up now. Artist(s) The Miracles
19%
Songs The tears I cried for you could fill an ocean / But you don't care how many tears I cry Artist(s) Connie Francis
17%
Songs Night, here comes the night / Another night to dream about you / Night, each lovely night Song Night
17%
Songs (Wanted wanted) / Alone, so alone that I could cry / I want to be wanted (wanted) / Alone, watching lovers passing by Song I Want To Be Wanted
13%
Songs I realize the way your eyes deceived me / With tender looks that I mistook for love Song Paper Roses
11%
Songs The tears I cried for you could fill an ocean / But you don't care how many tears I cry Song Everybody's Somebody's Fool
9%
Songs Night, here comes the night / Another night to dream about you / Night, each lovely night Artist(s) Jackie Wilson
9%
Songs Now here's a little story / To tell it is a must / About an unsung hero / That moves away your dust Artist(s) Lonnie Donegan
8%
Songs Now here's a little story / To tell it is a must / About an unsung hero / That moves away your dust Song My Old Man's a Dustman
8%
Songs I realize the way your eyes deceived me / With tender looks that I mistook for love Artist(s) Anita Bryant
6%
No matching quizzes found
Score Distribution
Percent of People with Each Score
Percentile by Number Answered
Your Score History
You have not taken this quiz